书目信息 |
| 题名: |
时间的边缘
|
|
| 作者: | 胡珀 著 ;柏江竹 译 | |
| 分册: | ||
| 出版信息: | 北京 中信出版集团股份有限公司 2021.1 |
|
| 页数: | 248页 | |
| 开本: | 21cm | |
| 丛书名: | ||
| 单 册: | ||
| 中图分类: | P159.3 | |
| 科图分类: | ||
| 主题词: | 宇宙--起源--普及读物 | |
| 电子资源: | ||
| ISBN: | 978-7-5217-2521-6 | |
| 000 | 01083nam0 2200265 45 | |
| 001 | 012001000913 | |
| 005 | 20130912094559.0 | |
| 010 | @a978-7-5217-2521-6@dCNY49.00 | |
| 100 | @a20210318d2021 em y0chiy50 ea | |
| 101 | 1 | @achi@ceng |
| 102 | @aCN@b110000 | |
| 105 | @aab z 000yy | |
| 106 | @ar | |
| 200 | 1 | @a时间的边缘@Ashi jian de bian yuan@b专著@dAt the edge of time@eexploring the mysteries of our universe's first seconds@f(美)丹·胡珀(Dan Hooper)著@g柏江竹译@zeng |
| 210 | @a北京@c中信出版集团股份有限公司@d2021.1 | |
| 215 | @a248页@c图,地图@d21cm | |
| 300 | @a并列题名:At the edge of time | |
| 330 | @a本书介绍了一些关于宇宙起源的既特别又令人困惑的问题,全书主要内容分为在时间的边缘、时间与空间的世界、在大爆炸的瞬间、万物起源等共12个部分。 | |
| 510 | 1 | @aAt the edge of time@eexploring the mysteries of our universe's first seconds@zeng |
| 606 | 0 | @a宇宙@x起源@j普及读物 |
| 690 | @aP159.3@v5 | |
| 701 | 0 | @c(美)@a胡珀@Ahu po@c(Hooper, Dan)@4著 |
| 702 | 0 | @a柏江竹@Abai jiang zhu@4译 |
| 801 | 0 | @aCN@bBJSDL@c20211011 |
| 905 | @b1336168-71@dP159.3@e361@f4 | |
| 时间的边缘=At the edge of time:exploring the mysteries of our universe's first seconds/(美)丹·胡珀(Dan Hooper)著/柏江竹译.-北京:中信出版集团股份有限公司,2021.1 |
| 248页:图,地图;21cm |
| 并列题名:At the edge of time |
| ISBN 978-7-5217-2521-6:CNY49.00 |
| 本书介绍了一些关于宇宙起源的既特别又令人困惑的问题,全书主要内容分为在时间的边缘、时间与空间的世界、在大爆炸的瞬间、万物起源等共12个部分。 |
| ● |
| 相关链接 |
|
|
|
|
正题名:时间的边缘
索取号:P159.3/361
 
预约/预借
| 序号 | 登录号 | 条形码 | 馆藏地/架位号 | 状态 | 备注 |
| 1 | 1336168 | 213361681 | 第二样本阅览室/ [索取号:P159.3/361] | 在馆 | |
| 2 | 1336169 | 213361690 | 第三借阅区/ [索取号:P159.3/361] | 在馆 | |
| 3 | 1336170 | 213361707 | 第三借阅区/ [索取号:P159.3/361] | 在馆 | |
| 4 | 1336171 | 213361716 | 第三借阅区/ [索取号:P159.3/361] | 在馆 |